[Event "Belgrade Ada op"]
[Site "Belgrade"]
[Date "2005.08.22"]
[Round "8"]
[White "Raspopovic, Stanisha"]
[Black "Vukovic, Ljubomir"]
[Result "1-0"]
[WhiteElo "2085"]
[BlackElo "1961"]
[PlyCount "83"]
[EventDate "2005.08.15"]
[EventType "swiss"]
[EventRounds "9"]
[EventCountry "YUG"]
[SourceTitle "CBM 107 Extra"]
[Source "ChessBase"]
[SourceDate "2005.09.01"]
[SourceVersion "1"]
[SourceVersionDate "2005.09.01"]
[SourceQuality "1"]

1. e4 e5 2. Nf3 d5 3. Nxe5 Qe7 4. d4 f6 5. Nf3 dxe4 6. Ng1 g6 7. Bc4 Bg7 8. Ne2 Be6 9. Bb3 Bxb3 10. axb3 Nh6 11. Nbc3 0-0 12. Nd5 Qf7 13. c4 c6 14. Nb6 Na6 15. Nxa8 Rxa8 16. Bd2 f5 17. Qc1 Ng4 18. h3 Nf6 19. 0-0 Rd8 20. Rd1 Nh5 21. Ra4 Bf6 22. Bg5 c5 23. Bxf6 Qxf6 24. dxc5 Nxc5 25. Rxd8+ Qxd8 26. Rxa7 Qb8 27. Ra3 f4 28. Qc3 Qd8 29. Qd4 Qe7 30. Ra8+ Kf7 31. Qd5+ Kg7 32. Rg8+ Kh6 33. Qd8 Qe5 34. Qd4 Qg5 35. h4 Qe7 36. Qd8 Qe5 37. Qf8+ Ng7 38. Nxf4 e3 39. fxe3 Qxe3+ 40. Kh2 Qe5 41. Rxg7 Ne6 42. Rxg6# 1-0

[Event "Belgrade Ada op"]
[Site "Belgrade"]
[Date "2005.08.20"]
[Round "6"]
[White "Raspopovic, Stanisha"]
[Black "Novovic, Veljko"]
[Result "1-0"]
[WhiteElo "2085"]
[BlackElo "1824"]
[PlyCount "55"]
[EventDate "2005.08.15"]
[EventType "swiss"]
[EventRounds "9"]
[EventCountry "YUG"]
[SourceTitle "CBM 107 Extra"]
[Source "ChessBase"]
[SourceDate "2005.09.01"]
[SourceVersion "1"]
[SourceVersionDate "2005.09.01"]
[SourceQuality "1"]

1. e4 d6 2. d4 Nf6 3. f3 g6 4. Be3 Bg7 5. Qd2 c6 6. c4 Nbd7 7. Nc3 a6 8. Nge2 0-0 9. g4 b5 10. Ng3 b4 11. Nd1 c5 12. d5 a5 13. Bh6 Ne5 14. Be2 e6 15. Bxg7 Kxg7 16. Ne3 exd5 17. g5 Ne8 18. Nxd5 Be6 19. f4 Nc6 20. f5 Bxd5 21. exd5 Nd4 22. f6+ Kg8 23. 0-0-0 a4 24. Rdf1 Nc7 25. Bd3 Re8 26. h4 Qd7 27. h5 Qg4 28. hxg6 1-0

[Event "Belgrade Ada op"]
[Site "Belgrade"]
[Date "2005.08.18"]
[Round "4"]
[White "Raspopovic, Stanisha"]
[Black "Carnic, Dejan"]
[Result "0-1"]
[WhiteElo "2085"]
[BlackElo "2231"]
[PlyCount "91"]
[EventDate "2005.08.15"]
[EventType "swiss"]
[EventRounds "9"]
[EventCountry "YUG"]
[SourceTitle "CBM 107 Extra"]
[Source "ChessBase"]
[SourceDate "2005.09.01"]
[SourceVersion "1"]
[SourceVersionDate "2005.09.01"]
[SourceQuality "1"]

1. e4 e5 2. Nf3 Nc6 3. d4 exd4 4. Nxd4 Nxd4 5. Qxd4 Qf6 6. Qxf6 Nxf6 7. e5 Ng4 8. f4 Bc5 9. Bd3 d6 10. exd6 Nf2 11. Rf1 Nxd3+ 12. cxd3 Bxd6 13. Nc3 Bf5 14. Ne4 Bb4+ 15. Bd2 Bxd2+ 16. Kxd2 0-0-0 17. Kc3 Rhe8 18. Rae1 Re6 19. Rf3 Rc6+ 20. Kd2 Rb6 21. Kc2 Rc6+ 22. Kd2 Be6 23. Nc3 Rcd6 24. Ree3 g6 25. h3 h5 26. Kc2 Bf5 27. Ne4 Rxd3 28. Rxd3 Bxe4 29. Kc3 Bxd3 30. Rxd3 Rxd3+ 31. Kxd3 Kd7 32. Kd4 Kd6 33. g4 h4 34. Ke4 c5 35. f5 g5 36. b3 b6 37. a3 b5 38. f6 Ke6 39. a4 a6 40. a5 b4 41. Ke3 Kxf6 42. Kd3 Ke5 43. Kc4 Kd6 44. Kd3 Kd5 45. Kd2 c4 46. Kc2 0-1

[Event "Belgrade Jezero op 09th"]
[Site "Belgrade"]
[Date "2003.08.20"]
[Round "7"]
[White "Raspopovic, Stanisha"]
[Black "Vulicevic, Dobrica"]
[Result "1/2-1/2"]
[WhiteElo "2078"]
[BlackElo "2150"]
[PlyCount "54"]
[EventDate "2003.08.14"]
[EventType "swiss"]
[EventRounds "9"]
[EventCountry "YUG"]
[SourceTitle "EXT 2004"]
[Source "ChessBase"]
[SourceDate "2003.11.25"]
[SourceVersion "1"]
[SourceVersionDate "2003.11.25"]
[SourceQuality "1"]

1. e4 c5 2. Nf3 e6 3. d4 cxd4 4. Nxd4 a6 5. Bd3 Nc6 6. Be3 Nf6 7. Nxc6 dxc6 8. 0-0 e5 9. f3 Be6 10. c4 Nd7 11. Qc2 Bc5 12. Bxc5 Nxc5 13. Be2 Qb6 14. Kh1 0-0 15. Nc3 Rad8 16. Rad1 Rd4 17. b3 Rfd8 18. f4 f6 19. fxe5 fxe5 20. h3 a5 21. Bg4 Qc7 22. Rxd4 exd4 23. Na4 b6 24. Nxc5 Bxg4 25. Nd3 Bh5 26. c5 Bg6 27. Qc4+ Kh8 1/2-1/2

[Event "Belgrade tt Cup"]
[Site "Belgrade"]
[Date "2003.04.04"]
[Round "1"]
[White "Tatisic, Milan"]
[Black "Raspopovic, Stanisha"]
[Result "1-0"]
[WhiteElo "2250"]
[BlackElo "2078"]
[PlyCount "104"]
[EventDate "2003.04.04"]
[EventType "team"]
[EventRounds "5"]
[EventCountry "YUG"]
[SourceTitle "CBM 093 Extra"]
[Source "ChessBase"]
[SourceDate "2003.05.09"]
[SourceVersion "1"]
[SourceVersionDate "2003.05.09"]
[SourceQuality "1"]

1. c4 e5 2. Nc3 Nf6 3. Nf3 Nc6 4. g3 g6 5. Bg2 Bg7 6. 0-0 0-0 7. d3 d6 8. Rb1 a5 9. a3 h6 10. b4 axb4 11. axb4 Be6 12. e4 Qd7 13. b5 Ne7 14. Re1 Nh7 15. Nd5 Nxd5 16. cxd5 Bg4 17. Qc2 Bxf3 18. Bxf3 b6 19. Bd2 f5 20. Bg2 f4 21. Rbc1 f3 22. Bf1 Rf7 23. h3 Ng5 24. Kh2 Nh7 25. Qc4 g5 26. Ra1 Rxa1 27. Rxa1 Nf8 28. Be3 Qd8 29. Qc6 Qd7 30. Qc4 Qd8 31. Ra7 Bf6 32. Qa4 Kg7 33. Ra8 Qd7 34. Qc4 h5 35. d4 Ng6 36. dxe5 Nxe5 37. Qc1 g4 38. Bf4 Qe7 39. Rc8 Kh7 40. Qc2 Kg7 41. Be3 h4 42. Bf4 hxg3+ 43. Bxg3 Kg6 44. Kg1 Rh7 45. Rg8+ Kf7 46. Rc8 Kg6 47. Qc1 gxh3 48. Qf4 Qd7 49. Rg8+ Kf7 50. Ra8 Qg4 51. Qc1 Qd7 52. Kh1 h2 1-0